000 00579nam a2200217Ia 4500
003 OSt
005 20221006151447.0
006 a|||||r|||| 00| 0
007 ta
008 221006b |||||||| |||| 00| 0 eng d
024 _a22,189
037 _cTextual
040 _aEASL
_cEASL
_beng
041 _2eng
_aeng
100 _aSOOD R P Co.
_9586435
245 0 _aAlphabetical list of serials on Pakistan in Delhi Libraries
260 _aDelhi
_bDelhi Studies of Economics
_c1968
300 _a41p.
_ccm.
942 _cTEXL
_2CC
999 _c1090275
_d1090275